| 000 | 00713nam a22002297a 4500 | ||
|---|---|---|---|
| 005 | 20170124105946.0 | ||
| 010 | _aA-953709 | ||
| 020 |
_c00.00 _a817224582 |
||
| 035 | _aA-953709 | ||
| 037 | _bCen Lib/Ret | ||
| 040 |
_aDPL _bEN |
||
| 082 |
_a291.82 _bEAS |
||
| 100 |
_aEaswaran, Eknath _910158 |
||
| 245 |
_aSelection from the world's most sacred literature / _cby Eknath Easwaran |
||
| 260 |
_aMumbai _bJaico Publishing House _c1997 |
||
| 270 |
_a121, Mahatama Gandhi Road _bMumbai |
||
| 300 |
_a207p. _c21cm(Hb) |
||
| 500 | _aIncludes bibliographical references and index | ||
| 650 |
_aSpiritual literaure _912429 |
||
| 650 |
_aMedition _912430 |
||
| 942 |
_2ddc _cEN _h291.82 _mEAS |
||
| 999 |
_c124928 _d124928 |
||